Advanced cellular network planning and optimisation: 2G, 2.5G, 3G...evolution to 4G
Saved in:
| Hovedforfatter: | |
|---|---|
| Format: | Bog |
| Sprog: | engelsk |
| Udgivet: |
Chichester
John Wiley and Sons
2007
|
| Udgivelse: | 1a. ed |
| Fag: | |
| Tags: |
Tilføj Tag
Ingen Tags, Vær først til at tagge denne postø!
|
MARC
| LEADER | 00000cam a2200000 a 4500 | ||
|---|---|---|---|
| 001 | UCF2065 | ||
| 003 | CL-VaPUC | ||
| 008 | 120810e20070000UK |||||||||||||||||eng|d | ||
| 020 | |a 9780470014714 | ||
| 082 | 0 | 4 | |a 621.38456 |b MIS |2 21 |
| 100 | |a Mishra, Ajay R. |e autor |9 563675 | ||
| 245 | 1 | 0 | |a Advanced cellular network planning and optimisation: 2G, 2.5G, 3G...evolution to 4G |
| 250 | |a 1a. ed | ||
| 300 | |a 521 p | ||
| 942 | |c BK | ||
| 945 | |d 20120810 00:00:00 |a cmena | ||
| 260 | |a Chichester |b John Wiley and Sons |c 2007 | ||
| 650 | 7 | |a TELEFONIA CELULAR |2 CL-VaPUC |9 563676 | |
| 650 | 7 | |a REDES TELEFONICAS |2 CL-VaPUC |9 471400 | |
| 650 | 0 | |a Propagación de ondas |9 263256 | |
| 650 | 0 | |a Telecomunicaciones |9 257195 | |
| 650 | 7 | |a SISTEMAS ANALOGOS |2 CL-VaPUC |9 563677 | |
| 583 | |a last modification |c 20120810 11:35:00 |k Rodrigo Vera | ||
| 999 | |c 348733 |d 348731 | ||
| 952 | |0 0 |1 0 |4 0 |6 621_384560000000000_MIS_2007 |7 0 |8 A |9 450888 |a BIBING |b BIBING |d 2019-11-22 |i 4885880 |o 621.38456 MIS 2007 |p 4885880 |r 2025-01-20 |w 2019-11-22 |y BK |k EIE | ||
| 952 | |0 0 |1 0 |4 0 |6 621_384560000000000_MIS_2007 |7 0 |8 A |9 450889 |a BIBING |b BIBING |d 2019-11-22 |i 4885899 |o 621.38456 MIS 2007 |p 4885899 |r 2025-01-20 |w 2019-11-22 |y BK |k EIE | ||